000 00357nam a2200121Ia 4500
008 210430s9999 xx 000 0 und d
020 _a978-1259098437
082 _a660.2815 c853p
100 _4Donald R. Coughanowr, Steven E. Leblanc
245 _aProcess Systems Analysis and Control /
_cDonald R. Coughanowr
250 _a3rd Edition
942 _2ddc
_cBK
999 _c565150
_d565150